000 00314pam a2200133 a 4500
020 _c
041 _h
082 _a741.24
_bTAV
100 _aMia- Tarontti .
245 _aPets- Learn to Draw Step by Step
_hTextual Documents
260 _a[s.l]:
_bwalter Foster,
_c2005.
300 _a30:
_bpaper.
930 _a7193
999 _c240983
_d240983